[Event "XXIII C.to Italiano UISP"]
[Site "Rimini ITA"]
[Date "2002.12.??"]
[Round "4"]
[White "Franceschi, Riccardo"]
[Black "Lacerenza, Andrea"]
[Result "1-0"]
[WhiteElo "2152"]
[BlackElo "1539"]
[PlyCount "27"]
[EventDate "2002.12.12"]

1.e4 c5 2.c3 d5 3.exd5 Qxd5 4.d4 e6 5.Nf3 Nf6 6.Na3 cxd4 7.Nb5 Bd6 8.Qxd4 
Qxd4 9.Nfxd4 Ke7 10.Bg5 Nd7 11.Nxd6 Kxd6 12.O-O-O Rd8 13.Bc4 b6 14.Nxe6+ 
1-0

[Event "XXIII C.to Italiano UISP"]
[Site "Rimini ITA"]
[Date "2002.12.??"]
[Round "4"]
[White "Fronzi, Ettore"]
[Black "Favara, Vincenzo"]
[Result "1/2-1/2"]
[WhiteElo "1618"]
[BlackElo "1525"]
[PlyCount "61"]
[EventDate "2002.12.12"]

1.d4 d5 2.Nf3 Nc6 3.Bf4 Nf6 4.h3 e6 5.e3 Bd7 6.Nbd2 Be7 7.c3 O-O 8.Bd3 Bd6
9.Qc2 Bxf4 10.exf4 g6 11.g4 Kh8 12.O-O-O Ng8 13.Rdg1 Qf6 14.g5 Qxf4 15.Rg4
Qd6 16.h4 Nge7 17.h5 Kg7 18.Rgh4 Rh8 19.Nf1 e5 20.dxe5 Nxe5 21.Nxe5 Qxe5 
22.Ne3 h6 23.hxg6 fxg6 24.gxh6+ Kh7 25.Rg1 Rhg8 26.Rg3 Bf5 27.Nxf5 Qe1+ 
28.Qd1 Qxd1+ 29.Kxd1 Nxf5 30.Bxf5 gxf5 31.Ke2 1/2-1/2

[Event "XXIII C.to Italiano UISP"]
[Site "Rimini ITA"]
[Date "2002.12.??"]
[Round "4"]
[White "Gazzarri, Alberto"]
[Black "Sgarito, Carmelo"]
[Result "1/2-1/2"]
[WhiteElo "2173"]
[BlackElo "1780"]
[PlyCount "100"]
[EventDate "2002.12.12"]

1.Nf3 d5 2.g3 Nf6 3.Bg2 Bg4 4.d3 Nbd7 5.Nbd2 e6 6.h3 Bh5 7.O-O Be7 8.b3 
O-O 9.Bb2 c6 10.e4 dxe4 11.dxe4 Qc7 12.Qe2 Rad8 13.g4 Bg6 14.Rfe1 h6 15.
Qe3 Nc5 16.Ne5 Bh7 17.Rab1 a5 18.Kh1 Nfd7 19.Nxd7 Rxd7 20.Nc4 f6 21.Ba3 
Na6 22.Bxe7 Rxe7 23.Qc3 b6 24.Re2 Rd7 25.Rbe1 e5 26.Bf1 Nc5 27.Bg2 Ne6 28.
Rd2 Rfd8 29.Rxd7 Rxd7 30.Ne3 Kh8 31.Nf5 Bg8 32.Bf1 b5 33.Kh2 Qb6 34.Kg1 
Nf4 35.h4 b4 36.Qf3 Rd2 37.g5 hxg5 38.hxg5 fxg5 39.Re3 c5 40.Bd3 Bf7 41.
Kf1 Bh5 42.Qh1 c4 43.Ng3 Rd1+ 44.Re1 Rxe1+ 45.Kxe1 cxd3 46.Nxh5 Nxh5 47.
Qxh5+ Qh6 48.Qe8+ Kh7 49.cxd3 Qf6 50.Qh5+ Kg8 1/2-1/2

[Event "XXIII C.to Italiano UISP"]
[Site "Rimini ITA"]
[Date "2002.12.??"]
[Round "4"]
[White "Giussani, Igor"]
[Black "Passerotti, Pierluigi"]
[Result "0-1"]
[WhiteElo "1600"]
[BlackElo "2267"]
[PlyCount "58"]
[EventDate "2002.12.12"]

1.d4 d5 2.c4 c6 3.cxd5 cxd5 4.Nc3 Nf6 5.Bf4 Nc6 6.Nf3 a6 7.e3 Bg4 8.Be2 e6
9.a3 Bd6 10.Bxd6 Qxd6 11.O-O b5 12.b4 Ke7 13.Nd2 Bxe2 14.Qxe2 Rhc8 15.Rfc1
Nd7 16.Nb3 Nb6 17.Nc5 Nc4 18.Qd3 g6 19.g3 h5 20.f3 Kf8 21.Kf2 Kg7 22.h3 h4
23.f4 hxg3+ 24.Kxg3 Ne7 25.Kf3 Nf5 26.Re1 Rh8 27.Kg2 Rh5 28.Nd1 g5 29.Ra2 
Rg8 0-1

[Event "XXIII C.to Italiano UISP"]
[Site "Rimini ITA"]
[Date "2002.12.??"]
[Round "4"]
[White "Mazzilli, Piero"]
[Black "Loi, Alberto"]
[Result "1-0"]
[WhiteElo "2215"]
[BlackElo "1414"]
[PlyCount "63"]
[EventDate "2002.12.12"]

1.e4 g6 2.d4 Bg7 3.c3 e6 4.f4 d6 5.Nf3 f5 6.e5 d5 7.c4 c6 8.Nc3 Ne7 9.b3 
Nd7 10.a4 b6 11.Ba3 Bf8 12.Bd3 Ng8 13.cxd5 Bxa3 14.Rxa3 cxd5 15.Nb5 Nh6 
16.Ng5 Nb8 17.Qc1 O-O 18.Nc7 Ba6 19.Nxa6 Nd7 20.Nxe6 Rc8 21.Qb2 Qh4+ 22.g3
Qg4 23.O-O Rfe8 24.Be2 Rxe6 25.Bxg4 Nxg4 26.Rc1 Rf8 27.Rc7 Ndf6 28.h3 Ne3 
29.Qc1 g5 30.Qxe3 gxf4 31.gxf4 Ne4 32.Ra2 1-0

[Event "XXIII C.to Italiano UISP"]
[Site "Rimini ITA"]
[Date "2002.12.??"]
[Round "4"]
[White "Musmarra, Giovanni"]
[Black "Caroli, Tommaso"]
[Result "1/2-1/2"]
[WhiteElo "1362"]
[BlackElo "1789"]
[PlyCount "66"]
[EventDate "2002.12.12"]

1.e4 d5 2.exd5 Nf6 3.d4 Nxd5 4.c4 Nb6 5.Nc3 g6 6.Be2 Bg7 7.Be3 Nc6 8.c5 
Nd5 9.Nxd5 Qxd5 10.Bf3 Qf5 11.Ne2 O-O 12.a3 Rd8 13.Bxc6 bxc6 14.Qa4 Qe4 
15.O-O h5 16.Rfd1 h4 17.Nc3 Qe6 18.h3 Kh8 19.Re1 Qf6 20.Rad1 Bd7 21.Ne4 
Qf5 22.Bg5 Bf6 23.Nxf6 Qxg5 24.Nxd7 Rxd7 25.Qxc6 Rad8 26.Qa4 Qf4 27.Qxa7 
Rxd4 28.Rxd4 Rxd4 29.c6 Qd6 30.Qa6 Rd1 31.Rxd1 Qxd1+ 32.Kh2 Qd6+ 33.Kg1 
Qd1+ 1/2-1/2

[Event "XXIII C.to Italiano UISP"]
[Site "Rimini ITA"]
[Date "2002.12.??"]
[Round "4"]
[White "Pandini, Giuseppe"]
[Black "D'Innocente, Stefano"]
[Result "0-1"]
[WhiteElo "1612"]
[BlackElo "2234"]
[PlyCount "94"]
[EventDate "2002.12.12"]

1.f4 g6 2.Nf3 Bg7 3.e3 c5 4.Be2 Nf6 5.O-O O-O 6.Nc3 d5 7.d4 b6 8.Ne5 Bb7 
9.Bf3 e6 10.Ne2 Nfd7 11.c3 f6 12.Nd3 Qc7 13.Bd2 Qd6 14.Ng3 Nc6 15.Nf2 e5 
16.dxc5 Nxc5 17.f5 Kh8 18.fxg6 hxg6 19.h4 e4 20.Ngxe4 dxe4 21.Nxe4 Nxe4 
22.Bxe4 f5 23.Bf3 Rad8 24.Be1 Qxd1 25.Rxd1 Rxd1 26.Bxd1 Bh6 27.Bf2 Ne5 28.
Bc2 Ng4 29.Re1 Rd8 30.e4 Nxf2 31.Kxf2 Rd2+ 32.Re2 fxe4 33.Rxd2 Bxd2 34.c4 
Kg7 35.Ke2 Bc1 36.b3 Kf6 37.g4 Ke5 38.h5 gxh5 39.gxh5 Bc8 40.b4 Bg4+ 41.
Ke1 Bxh5 42.c5 bxc5 43.bxc5 e3 44.Bd3 Bd2+ 45.Kf1 Kd5 46.a4 Kxc5 47.Bb5 
Kb4 0-1

[Event "XXIII C.to Italiano UISP"]
[Site "Rimini ITA"]
[Date "2002.12.??"]
[Round "4"]
[White "Perico', Alessandro"]
[Black "Rebeggiani, Luca"]
[Result "0-1"]
[WhiteElo "1600"]
[BlackElo "1708"]
[PlyCount "70"]
[EventDate "2002.12.12"]

1.d4 Nf6 2.c4 e6 3.Nc3 Bb4 4.a3 Bxc3+ 5.bxc3 d5 6.cxd5 exd5 7.e3 Ne4 8.Qc2
Bf5 9.Bd3 Bg6 10.Nf3 Nd7 11.O-O h5 12.c4 c6 13.cxd5 cxd5 14.Qb3 Nb6 15.Ne5
Bf5 16.f3 Nd6 17.Bxf5 Nxf5 18.Qb5+ Kf8 19.Bd2 g6 20.Rfe1 Kg7 21.Bc3 Rc8 
22.Rac1 Qg5 23.f4 Qh4 24.Nd3 Rhe8 25.g3 Nxg3 26.hxg3 Qxg3+ 27.Kh1 Qf3+ 28.
Kh2 Nc4 29.Ne5 Qf2+ 30.Kh3 h4 31.Rg1 Nxe5 32.dxe5 Rxc3 33.Rxc3 Qxg1 34.e4 
Qh1+ 35.Kg4 Qg2+ 0-1

[Event "XXIII C.to Italiano UISP"]
[Site "Rimini ITA"]
[Date "2002.12.??"]
[Round "4"]
[White "Ricci, Marco"]
[Black "Avanzi, Gioni"]
[Result "1-0"]
[WhiteElo "2165"]
[BlackElo "1344"]
[PlyCount "83"]
[EventDate "2002.12.12"]

1.e4 e6 2.d4 d5 3.Nd2 c5 4.exd5 exd5 5.Ngf3 Nc6 6.Bb5 Bd7 7.O-O Bd6 8.dxc5
Bxc5 9.Nb3 Bb6 10.Qxd5 Nge7 11.Qh5 O-O 12.Bd3 g6 13.Qh4 Nf5 14.Qxd8 Bxd8 
15.Nc5 Bc8 16.Bf4 Bf6 17.c3 Ng7 18.Ne4 Be7 19.Ne5 Nxe5 20.Bxe5 f5 21.Bc4+ 
Kh8 22.Bd6 fxe4 23.Bxe7 Re8 24.Bf6 Be6 25.Bxe6 Rxe6 26.Bd4 a6 27.Rad1 Kg8 
28.Bxg7 Kxg7 29.Rd7+ Kg8 30.Rfd1 Rae8 31.Rxb7 e3 32.fxe3 Rxe3 33.Rbd7 Re1+
34.Rxe1 Rxe1+ 35.Kf2 Ra1 36.a3 Rc1 37.Rd2 Kg7 38.Ke3 Re1+ 39.Kd4 Re6 40.
Kc5 Re5+ 41.Kb6 Rb5+ 42.Kxa6 1-0

[Event "XXIII C.to Italiano UISP"]
[Site "Rimini ITA"]
[Date "2002.12.??"]
[Round "4"]
[White "Rombaldoni, Axel"]
[Black "Ferucci, Ferruccio"]
[Result "1-0"]
[WhiteElo "1669"]
[BlackElo "1627"]
[PlyCount "73"]
[EventDate "2002.12.12"]

1.e4 e6 2.d4 d5 3.Nc3 Bb4 4.a3 Bxc3+ 5.bxc3 dxe4 6.Qg4 Ne7 7.Qxg7 Rg8 8.
Qxh7 Qd5 9.h4 Nd7 10.Nh3 Nf6 11.Qh6 Rg6 12.Qh8+ Nfg8 13.Nf4 Qa5 14.Nxg6 
Qxc3+ 15.Kd1 fxg6 16.Rb1 b6 17.Bd2 Qxa3 18.Bb5+ Kf7 19.Qh7+ Kf8 20.h5 gxh5
21.Rh4 Qd6 22.Rf4+ Nf5 23.Qxh5 Bb7 24.g4 Nf6 25.Qg6 Qxd4 26.c3 Qe5 27.gxf5
Rd8 28.Qh6+ Ke7 29.Qg7+ Kd6 30.fxe6 Kxe6 31.Bc4+ Bd5 32.Rb5 Qh5+ 33.Be2 
Qh1+ 34.Kc2 Nd7 35.Qf7+ Kd6 36.Qxd5+ Ke7 37.Rf7+ 1-0

[Event "XXIII C.to Italiano UISP"]
[Site "Rimini ITA"]
[Date "2002.12.??"]
[Round "4"]
[White "Ronchetti, Niccolo'"]
[Black "Petrelli, Fabrizio"]
[Result "1-0"]
[WhiteElo "2233"]
[BlackElo "1500"]
[PlyCount "79"]
[EventDate "2002.12.12"]

1.e4 e5 2.Nf3 Nc6 3.Bb5 d6 4.O-O Nf6 5.Re1 Be7 6.h3 O-O 7.c3 Bd7 8.d4 a6 
9.Ba4 b5 10.Bc2 Ne8 11.Nbd2 a5 12.Nf1 Rb8 13.Ng3 g6 14.Bh6 Ng7 15.Qd2 Bf6 
16.Rad1 Kh8 17.Kh2 Rg8 18.Bb3 Qe7 19.dxe5 Nxe5 20.Nxe5 Bxe5 21.f4 Bf6 22.
e5 Bh4 23.Bxg7+ Kxg7 24.exd6 Qxd6 25.Qxd6 cxd6 26.Rxd6 Rgd8 27.Red1 Rb7 
28.Ne4 Be7 29.R6d4 Rc7 30.a3 g5 31.Nd6 Bxd6 32.Rxd6 a4 33.Be6 Bxe6 34.Rxd8
Rc5 35.Rb8 h6 36.Kg3 f5 37.Rd6 Bf7 38.Rb7 h5 39.Rdd7 h4+ 40.Kf3 1-0

[Event "XXIII C.to Italiano UISP"]
[Site "Rimini ITA"]
[Date "2002.12.??"]
[Round "4"]
[White "Soprano, Paolo"]
[Black "Capuano, Francesca"]
[Result "1/2-1/2"]
[WhiteElo "2276"]
[BlackElo "2023"]
[PlyCount "27"]
[EventDate "2002.12.12"]

1.c4 Nf6 2.Nc3 e6 3.Nf3 d5 4.cxd5 exd5 5.d4 c6 6.Bg5 Be7 7.e3 O-O 8.Bd3 
Nbd7 9.O-O Re8 10.Qc2 Nf8 11.Bxf6 Bxf6 12.b4 a6 13.a4 Bd7 14.Rab1 1/2-1/2

[Event "XXIII C.to Italiano UISP"]
[Site "Rimini ITA"]
[Date "2002.12.??"]
[Round "4"]
[White "Traversi, Carlo"]
[Black "Collutiis, Duilio"]
[Result "0-1"]
[WhiteElo "1537"]
[BlackElo "2332"]
[PlyCount "54"]
[EventDate "2002.12.12"]

1.e4 c5 2.g3 d5 3.Bg2 dxe4 4.Bxe4 Nf6 5.Bg2 Nc6 6.Nf3 g6 7.Nc3 Bg7 8.O-O 
O-O 9.d3 Nd5 10.Bd2 Nc7 11.Re1 Re8 12.a3 h6 13.Rb1 e5 14.b4 cxb4 15.axb4 
a6 16.Qc1 Kh7 17.b5 axb5 18.Nxb5 Ne6 19.Na3 Nc5 20.Nc4 e4 21.dxe4 Nxe4 22.
Rxe4 Rxe4 23.Ng5+ hxg5 24.Bxe4 Qd4 25.Nb6 Qxe4 26.Nxc8 Rxc8 27.Rxb7 Nd4 
0-1

[Event "XXIII C.to Italiano UISP"]
[Site "Rimini ITA"]
[Date "2002.12.??"]
[Round "4"]
[White "Vanzan, Alessandro"]
[Black "Efimov, Igor"]
[Result "0-1"]
[WhiteElo "1576"]
[BlackElo "2480"]
[PlyCount "88"]
[EventDate "2002.12.12"]

1.c4 Nf6 2.Nc3 e6 3.a3 b6 4.Nf3 c5 5.g3 Bb7 6.b3 Be7 7.Bg2 O-O 8.O-O h6 9.
e4 d6 10.d3 Nc6 11.Ne2 Qc7 12.Bb2 Rad8 13.Qc2 d5 14.cxd5 exd5 15.e5 Nh7 
16.d4 Ba6 17.Rac1 Na5 18.Rfe1 Qd7 19.Nf4 Rc8 20.Bh3 Qd8 21.Bxc8 Bxc8 22.e6
c4 23.exf7+ Rxf7 24.Ne5 Rf6 25.Neg6 Bd6 26.Nxd5 Bf5 27.Nxf6+ Qxf6 28.Ne7+ 
Bxe7 29.Qe2 Bf8 30.bxc4 Ng5 31.d5 Qg6 32.f3 Bd3 33.Qd1 Nxc4 34.Bd4 Nd2 35.
Kg2 Ndxf3 36.Re3 Be4 37.Kf2 Qf5 38.Ke2 Qg4 39.Kf2 Nh3+ 40.Kf1 Nxh2+ 41.Ke1
Bf3 42.Qb3 Qxd4 43.Rxf3 Qg1+ 44.Kd2 Qg2+ 0-1

[Event "XXIII C.to Italiano UISP"]
[Site "Rimini ITA"]
[Date "2002.12.??"]
[Round "4"]
[White "Vezzosi, Paolo"]
[Black "Rombaldoni, Denis"]
[Result "1/2-1/2"]
[WhiteElo "2394"]
[BlackElo "2061"]
[PlyCount "77"]
[EventDate "2002.12.12"]

1.c4 e6 2.d4 d5 3.Nc3 Nf6 4.cxd5 exd5 5.Bg5 Be7 6.e3 c6 7.Qc2 g6 8.Bd3 O-O
9.Nf3 Re8 10.O-O a5 11.h3 Na6 12.a3 Nc7 13.Rad1 Ne6 14.Bh6 Bf8 15.Bxf8 
Kxf8 16.Ne5 Nd7 17.f4 Nxe5 18.fxe5 b5 19.Rf6 Kg8 20.h4 b4 21.Na4 Ba6 22.
Qxc6 Bxd3 23.Rxd3 Rc8 24.Qd6 Qxd6 25.exd6 Rc6 26.axb4 axb4 27.Nc5 Rxd6 28.
Nxe6 Rdxe6 29.Rxe6 fxe6 30.Rb3 Rb8 31.Kf2 Kf7 32.e4 dxe4 33.Ke3 Ke7 34.
Kxe4 Kd6 35.g4 Rb7 36.g5 Rb5 37.Rf3 Rf5 38.Rb3 Rb5 39.Rf3 1/2-1/2

[Event "XXIII C.to Italiano UISP"]
[Site "Rimini ITA"]
[Date "2002.12.??"]
[Round "4"]
[White "Voltolini, Mario"]
[Black "De Maria, Isaia"]
[Result "1/2-1/2"]
[WhiteElo "2215"]
[BlackElo "1738"]
[PlyCount "47"]
[EventDate "2002.12.12"]

1.e4 e6 2.d4 d5 3.Nc3 Nf6 4.e5 Nfd7 5.f4 c5 6.Nf3 Nc6 7.Be3 cxd4 8.Nxd4 
Qb6 9.Qd2 Qxb2 10.Rb1 Qa3 11.Ncb5 Qxa2 12.Rb3 Rb8 13.Nc7+ Kd8 14.Na6 Nxd4 
15.Qxd4 bxa6 16.Rxb8 Nxb8 17.Qxa7 Nd7 18.Bb6+ Nxb6 19.Qxb6+ Ke8 20.Bb5+ 
axb5 21.Qxb5+ Bd7 22.Qb8+ Ke7 23.Qd6+ Ke8 24.Qb8+ 1/2-1/2

[Event "XXIII C.to Italiano UISP"]
[Site "Rimini ITA"]
[Date "2002.12.??"]
[Round "5"]
[White "Alessi, Andrea"]
[Black "Fragni, Enrico"]
[Result "1-0"]
[WhiteElo "1581"]
[BlackElo "1684"]
[PlyCount "100"]
[EventDate "2002.12.12"]

1.e4 c6 2.d4 Qc7 3.c4 d6 4.Nc3 Nf6 5.Be2 e5 6.Nf3 Bg4 7.O-O Nbd7 8.dxe5 
dxe5 9.Qc2 Be7 10.Bg5 h6 11.Bh4 g5 12.Bg3 Nh5 13.Rad1 Nf4 14.h3 Bh5 15.Ne1
Bg6 16.Bg4 O-O-O 17.Nd3 h5 18.Bxd7+ Rxd7 19.Rd2 Rhd8 20.Rfd1 f5 21.Bxf4 
gxf4 22.f3 fxe4 23.Nxe4 Bxe4 24.fxe4 Rd4 25.Ne1 Qb6 26.Rxd4 exd4 27.Nd3 
Rg8 28.c5 Qc7 29.Qc4 Qd8 30.Qe6+ Kb8 31.Qe5+ Ka8 32.Qxf4 Bg5 33.Qf7 Be3+ 
34.Kh1 Qg5 35.Qf3 a6 36.b4 Qg7 37.Rf1 Ka7 38.a4 Bd2 39.Rf2 Be3 40.Ra2 Rf8 
41.Qe2 Qg3 42.b5 Bf4 43.Nxf4 Rxf4 44.b6+ Kb8 45.Rd2 Qc3 46.Qd3 Qxc5 47.
Qxd4 Qxd4 48.Rxd4 Rf7 49.e5 Re7 50.Re4 Kc8 1-0

[Event "XXIII C.to Italiano UISP"]
[Site "Rimini ITA"]
[Date "2002.12.??"]
[Round "5"]
[White "Avanzi, Gioni"]
[Black "Camarda, Giuseppe"]
[Result "0-1"]
[WhiteElo "1344"]
[BlackElo "1453"]
[PlyCount "100"]
[EventDate "2002.12.12"]

1.d4 d5 2.c4 Nf6 3.cxd5 Nxd5 4.e4 Nf6 5.Nc3 e6 6.Bg5 Be7 7.Nf3 O-O 8.Be2 
a6 9.a3 b5 10.b4 Bb7 11.Bxf6 Bxf6 12.O-O Nc6 13.e5 Be7 14.Qd3 Nb8 15.Rad1 
c6 16.Qc2 a5 17.bxa5 Rxa5 18.Ra1 Rxa3 19.Rxa3 Bxa3 20.Ra1 Be7 21.Bd3 g6 
22.Be4 b4 23.Ne2 Qb6 24.Nc1 Nd7 25.Nd3 Rc8 26.Rb1 c5 27.Bxb7 Qxb7 28.dxc5 
Bxc5 29.Nxc5 Rxc5 30.Qb2 Qc7 31.Qxb4 Nxe5 32.Nxe5 Rc1+ 33.Qe1 Rxe1+ 34.
Rxe1 Qc3 35.Nf3 h5 36.Kf1 Qd3+ 37.Kg1 Kg7 38.Re3 Qa6 39.g3 f6 40.Kg2 Qa4 
41.Rxe6 Kf7 42.Re3 g5 43.h3 Qc6 44.Kg1 Kg6 45.Nh2 f5 46.f3 Qd7 47.Kf2 f4 
48.Re2 Qxh3 49.gxf4 Qxh2+ 50.Ke3 gxf4+ 0-1

[Event "XXIII C.to Italiano UISP"]
[Site "Rimini ITA"]
[Date "2002.12.??"]
[Round "5"]
[White "Bongiovanni, Marco"]
[Black "Giussani, Igor"]
[Result "0-1"]
[WhiteElo "1708"]
[BlackElo "1600"]
[PlyCount "88"]
[EventDate "2002.12.12"]

1.e4 e5 2.Nf3 Nc6 3.Nc3 Nf6 4.Bb5 Bb4 5.O-O d6 6.Nd5 Bc5 7.d4 exd4 8.Nxd4 
Bd7 9.c3 h6 10.b4 Bb6 11.a4 Bxd4 12.cxd4 Nxd5 13.exd5 Ne7 14.Re1 O-O 15.
Ra3 Bxb5 16.axb5 Ng6 17.Rh3 Qf6 18.g3 Rfe8 19.Rf1 Qf5 20.g4 Qxd5 21.g5 
hxg5 22.Qh5 Qf5 23.Bxg5 f6 24.Be3 Qxh5 25.Rxh5 Kf7 26.Rc1 Rec8 27.Rh3 a6 
28.bxa6 Rxa6 29.Rh5 Ne7 30.Rb5 Rb6 31.Rxb6 cxb6 32.Rxc8 Nxc8 33.Kf1 Ke6 
34.Ke2 Kd5 35.Kd3 b5 36.Kc3 Ne7 37.Kd3 Nc6 38.Kc3 Ke4 39.h4 g6 40.Bh6 d5 
41.Bg7 f5 42.Bf6 Kf3 43.h5 gxh5 44.Bh4 Kg4 0-1

[Event "XXIII C.to Italiano UISP"]
[Site "Rimini ITA"]
[Date "2002.12.??"]
[Round "5"]
[White "Capuano, Francesca"]
[Black "Passerotti, Pierluigi"]
[Result "0-1"]
[WhiteElo "2023"]
[BlackElo "2267"]
[PlyCount "80"]
[EventDate "2002.12.12"]

1.d4 f5 2.Bf4 Nf6 3.e3 d6 4.h3 g6 5.Bd3 Bg7 6.Nf3 Nc6 7.c3 Nh5 8.Bh2 e5 9.
dxe5 dxe5 10.Be2 Qxd1+ 11.Bxd1 e4 12.Nd4 Ne5 13.Be2 O-O 14.Bxe5 Bxe5 15.
Nd2 Ng7 16.Nc4 Bf6 17.Rd1 a6 18.Nd2 c5 19.N4b3 Ne6 20.Nc4 b5 21.Nb6 Ra7 
22.Nxc8 Rxc8 23.Rd6 Kf7 24.O-O c4 25.Nc1 Nc5 26.Bd1 Nd3 27.Nxd3 exd3 28.b3
Bxc3 29.bxc4 bxc4 30.Bf3 Ke7 31.Rd5 Bb2 32.e4 f4 33.Bg4 Rc6 34.Bd1 Rac7 
35.Ba4 Rd6 36.Rxd6 Kxd6 37.Rd1 Kc5 38.Kf1 Kb4 39.Be8 Ka3 40.Bf7 Rxf7 0-1

[Event "XXIII C.to Italiano UISP"]
[Site "Rimini ITA"]
[Date "2002.12.??"]
[Round "5"]
[White "Caroli, Tommaso"]
[Black "Franceschi, Riccardo"]
[Result "1/2-1/2"]
[WhiteElo "1789"]
[BlackElo "2152"]
[PlyCount "57"]
[EventDate "2002.12.12"]

1.e4 d5 2.exd5 Qxd5 3.Nc3 Qa5 4.Bc4 Nf6 5.d4 c6 6.Ne2 g6 7.Be3 Bg7 8.Qd2 
b5 9.Bd3 h5 10.Ne4 Qxd2+ 11.Nxd2 Nbd7 12.O-O O-O 13.Rae1 Bb7 14.Bg5 Rfe8 
15.f4 e6 16.c3 a6 17.Ng3 c5 18.Bxf6 Bxf6 19.dxc5 Nxc5 20.Nde4 Be7 21.Nxc5 
Bxc5+ 22.Kh1 Red8 23.Be4 Bxe4 24.Nxe4 Bb6 25.Rd1 Kf8 26.g3 Ke7 27.Kg2 Rac8
28.a3 a5 29.Kf3 1/2-1/2

[Event "XXIII C.to Italiano UISP"]
[Site "Rimini ITA"]
[Date "2002.12.??"]
[Round "5"]
[White "Catalano, Luigi"]
[Black "Ferro, Mario"]
[Result "0-1"]
[WhiteElo "1570"]
[BlackElo "2194"]
[PlyCount "74"]
[EventDate "2002.12.12"]

1.e4 c5 2.Nf3 a6 3.a4 Nc6 4.Bc4 e6 5.Nc3 Nf6 6.d3 d5 7.exd5 exd5 8.Bb3 Be7
9.O-O O-O 10.Re1 Bg4 11.h3 Bxf3 12.Qxf3 Nd4 13.Qd1 Nxb3 14.cxb3 d4 15.Ne4 
Nd5 16.Bd2 Qd7 17.Rc1 Rac8 18.Qh5 Rc6 19.Qe2 b6 20.Qf3 Rg6 21.Kh1 a5 22.
Re2 Bh4 23.Qh5 Qd8 24.g3 Be7 25.g4 Qd7 26.Ng3 Qc6 27.Kg1 Bd6 28.Qf5 Rf6 
29.Qe4 Bxg3 30.fxg3 Re6 31.Qf3 Rxe2 32.Qxe2 Re8 33.Qf3 Qe6 34.Re1 Ne3 35.
Kf2 Qxb3 36.Qc6 Rf8 37.Qd7 Qxd3 0-1

[Event "XXIII C.to Italiano UISP"]
[Site "Rimini ITA"]
[Date "2002.12.??"]
[Round "5"]
[White "Cesarini, Lanfranco"]
[Black "Perico', Alessandro"]
[Result "1-0"]
[WhiteElo "2113"]
[BlackElo "1600"]
[PlyCount "47"]
[EventDate "2002.12.12"]

1.d4 Nf6 2.c4 g6 3.Nc3 Bg7 4.e4 d6 5.Bd3 O-O 6.Nge2 Nbd7 7.f3 b6 8.Be3 c5 
9.O-O e6 10.Bc2 Bb7 11.d5 exd5 12.exd5 Ne5 13.b3 Re8 14.Bg5 h6 15.Bh4 Qc7 
16.Qd2 g5 17.Bg3 Ned7 18.Nb5 Qd8 19.Nxd6 Ba6 20.Nxe8 Qxe8 21.Rae1 Qc8 22.
Bf5 Qb7 23.a4 Ne8 24.Nc3 1-0

[Event "XXIII C.to Italiano UISP"]
[Site "Rimini ITA"]
[Date "2002.12.??"]
[Round "5"]
[White "Collutiis, Duilio"]
[Black "Arnetta, Maria Teresa"]
[Result "1-0"]
[WhiteElo "2332"]
[BlackElo "2050"]
[PlyCount "115"]
[EventDate "2002.12.12"]

1.e4 c5 2.Nf3 e6 3.d3 Nc6 4.g3 d5 5.Nbd2 Nf6 6.Bg2 dxe4 7.dxe4 e5 8.O-O 
Be7 9.c3 O-O 10.Qc2 Qc7 11.Re1 h6 12.Nh4 Be6 13.Nf5 Rfd8 14.Bf1 Bf8 15.Bg2
Ne7 16.a4 Qc8 17.Ne3 Bh3 18.Ndc4 Bxg2 19.Kxg2 Qc7 20.f3 g6 21.Rd1 Rxd1 22.
Nxd1 Nc6 23.Qb3 Rd8 24.Nf2 Nd7 25.a5 Nf6 26.Be3 Kg7 27.Qb5 Nb8 28.Qa4 Nc6 
29.Rd1 Rxd1 30.Nxd1 Qd7 31.Nf2 Nb8 32.Qa3 Qc7 33.Nd3 Nbd7 34.Bf2 Ne8 35.
Qa4 f6 36.Ne3 Qc6 37.Qc4 Nc7 38.Qa2 Qd6 39.Nd5 Nxd5 40.exd5 Qa6 41.c4 Kf7 
42.b3 Bd6 43.Qa4 Ke7 44.Be3 h5 45.Nf2 Bc7 46.Ne4 Bd6 47.h3 g5 48.g4 h4 49.
Bf2 Kd8 50.Be1 Ke7 51.Bd2 Kd8 52.Nc3 Bc7 53.Nb5 Bd6 54.Qa2 Be7 55.Qc2 b6 
56.d6 Bf8 57.Qe4 Qc8 58.Nxa7 1-0

[Event "XXIII C.to Italiano UISP"]
[Site "Rimini ITA"]
[Date "2002.12.??"]
[Round "5"]
[White "D'Innocente, Stefano"]
[Black "Rombaldoni, Denis"]
[Result "0-1"]
[WhiteElo "2234"]
[BlackElo "2061"]
[PlyCount "82"]
[EventDate "2002.12.12"]

1.c4 e6 2.d4 d5 3.Nf3 c6 4.e3 Nf6 5.Bd3 Be7 6.O-O O-O 7.Nbd2 c5 8.cxd5 
cxd4 9.e4 exd5 10.e5 Nfd7 11.Nb3 Nc6 12.Bf4 f6 13.e6 Nde5 14.Nfxd4 Qb6 15.
Bf5 g6 16.Bh3 Bc5 17.Ne2 Rd8 18.Rc1 Be7 19.Ned4 Nb4 20.Be3 Qa6 21.a3 Nbc6 
22.Nxc6 bxc6 23.Bc5 Re8 24.Bxe7 Rxe7 25.Nc5 Qb6 26.b4 f5 27.Re1 Nc4 28.
Rxc4 dxc4 29.Qd6 Qc7 30.Qxc7 Rxc7 31.e7 Bd7 32.Nxd7 Rxd7 33.e8=Q+ Rxe8 34.
Rxe8+ Kf7 35.Re1 c3 36.Kf1 c2 37.Ke2 Re7+ 38.Kd2 Rxe1 39.Kxc2 Re2+ 40.Kb3 
Rxf2 41.Kc4 Rc2+ 0-1

[Event "XXIII C.to Italiano UISP"]
[Site "Rimini ITA"]
[Date "2002.12.??"]
[Round "5"]
[White "De Maria, Isaia"]
[Black "Finocchiaro, Dante"]
[Result "1-0"]
[WhiteElo "1738"]
[BlackElo "1395"]
[PlyCount "90"]
[EventDate "2002.12.12"]

1.e4 c5 2.c3 e6 3.d4 d6 4.Nf3 Nf6 5.Bd3 Be7 6.O-O b6 7.Be3 Ba6 8.c4 Bb7 9.
Nc3 a6 10.h3 Qc7 11.Re1 Nbd7 12.Qe2 e5 13.d5 Nf8 14.Qd2 h6 15.Ne2 Ng6 16.
Ng3 Bc8 17.Nf5 Bf8 18.Nh2 Ne7 19.f4 Bxf5 20.exf5 e4 21.Bc2 Nxf5 22.Bf2 
O-O-O 23.Bxe4 g6 24.Bxf5+ gxf5 25.Bh4 Bg7 26.Bxf6 Bxf6 27.Nf3 Rhe8 28.Re2 
Re7 29.Rae1 Rde8 30.b3 Rxe2 31.Rxe2 Rxe2 32.Qxe2 Qe7 33.Qxe7 Bxe7 34.Nd2 
Kd7 35.Nf1 Bf6 36.Ng3 Bd4+ 37.Kf1 Be3 38.Nxf5 Bxf4 39.Kf2 b5 40.Kf3 Bc1 
41.Kg4 a5 42.Kh5 bxc4 43.bxc4 a4 44.Nxh6 Bxh6 45.Kxh6 Ke7 1-0

[Event "XXIII C.to Italiano UISP"]
[Site "Rimini ITA"]
[Date "2002.12.??"]
[Round "5"]
[White "Efimov, Igor"]
[Black "Iotti, Pierluigi"]
[Result "1-0"]
[WhiteElo "2480"]
[BlackElo "2314"]
[PlyCount "59"]
[EventDate "2002.12.12"]

1.d4 Nf6 2.Nf3 b6 3.g3 Bb7 4.Bg2 e6 5.O-O Be7 6.b3 O-O 7.Bb2 c5 8.e3 cxd4 
9.exd4 d5 10.Nbd2 Bd6 11.Ne5 Qe7 12.a3 Nbd7 13.Re1 a5 14.f4 g6 15.g4 Rfd8 
16.c4 Nf8 17.Qe2 a4 18.b4 dxc4 19.Ndxc4 Bxg2 20.Qxg2 Bxe5 21.dxe5 Nd5 22.
Qf2 Rac8 23.Nd6 Rc7 24.Rad1 Nd7 25.Rd3 f6 26.Qd2 fxe5 27.Rxd5 exd5 28.
Qxd5+ Kf8 29.fxe5 Nf6 30.Rf1 1-0

[Event "XXIII C.to Italiano UISP"]
[Site "Rimini ITA"]
[Date "2002.12.??"]
[Round "5"]
[White "Favara, Vincenzo"]
[Black "Ricci, Marco"]
[Result "0-1"]
[WhiteElo "1525"]
[BlackElo "2165"]
[PlyCount "52"]
[EventDate "2002.12.12"]

1.e4 e6 2.Nc3 d5 3.exd5 exd5 4.d4 Nf6 5.Nf3 Bb4 6.Bd3 O-O 7.O-O Bg4 8.Bg5 
c6 9.Nb1 Nbd7 10.c3 Bd6 11.Bc2 Qc7 12.Nbd2 Bxh2+ 13.Kh1 Bf4 14.Bxf4 Qxf4 
15.g3 Qh6+ 16.Kg1 Qh5 17.Qe2 Rae8 18.Qd3 Ne4 19.Nh2 Be2 20.Qe3 Ng5 21.g4 
Qh4 22.Qg3 Qxg3+ 23.fxg3 Bxf1 24.Rxf1 Re2 25.Rd1 Nh3+ 26.Kf1 Rxh2 0-1

[Event "XXIII C.to Italiano UISP"]
[Site "Rimini ITA"]
[Date "2002.12.??"]
[Round "5"]
[White "Fernandez, Gianluca"]
[Black "Dentale, Enrico"]
[Result "0-1"]
[WhiteElo "1438"]
[BlackElo "1738"]
[PlyCount "54"]
[EventDate "2002.12.12"]

1.e4 d5 2.exd5 Nf6 3.Nf3 Nxd5 4.c4 Nb6 5.b3 Bg4 6.Be2 Nc6 7.Bb2 Qd7 8.d4 
e6 9.O-O O-O-O 10.Ne5 Nxe5 11.Bxg4 Nxg4 12.Qxg4 h5 13.Qf3 g5 14.Nc3 f5 15.
Rfe1 Bg7 16.Ne2 h4 17.c5 Nd5 18.Rac1 Qc6 19.a3 g4 20.Qd3 Bh6 21.Rc2 h3 22.
g3 Nb4 23.d5 Nxd3 24.dxc6 Nxe1 25.cxb7+ Kb8 26.Bxh8 Nxc2 27.Nc3 Rxh8 0-1

[Event "XXIII C.to Italiano UISP"]
[Site "Rimini ITA"]
[Date "2002.12.??"]
[Round "5"]
[White "Ferucci, Ferruccio"]
[Black "Petrelli, Fabrizio"]
[Result "1/2-1/2"]
[WhiteElo "1627"]
[BlackElo "1500"]
[PlyCount "41"]
[EventDate "2002.12.12"]

1.e4 e5 2.Nf3 Nc6 3.d4 d6 4.dxe5 dxe5 5.Qxd8+ Kxd8 6.Bb5 f6 7.Be3 Nb4 8.
Bd3 Bg4 9.Nbd2 Nxd3+ 10.cxd3 Bb4 11.O-O Bxd2 12.Nxd2 b6 13.f3 Be6 14.Rac1 
g5 15.d4 exd4 16.Bxd4 Ne7 17.Bxf6 Rg8 18.Bxe7+ Kxe7 19.Rxc7+ Kd8 20.Rxh7 
a5 21.Rc1 1/2-1/2